[Event "DEM U12 2023"]
[Site "Willingen GER"]
[Date "2023.05.29"]
[Round "3"]
[White "Zhang, Yibo"]
[Black "Charchulla, Moritz"]
[Result "1-0"]
[Termination "normal"]
[Board "9"]
[WhiteElo "1791"]
[BlackElo "1063"]
[WhiteClock "00:17:33"]
[BlackClock "00:18:55"]
[PlyCount "93"]
[WhiteFideId "16287657"]
[BlackFideId "34607579"]
[EventCountry "GER"]
[EventRounds "9"]
[EventType "swiss"]
[EventDate "2023.05.27"]

1. d4 {[%clk 01:30:54]} {[%emt 00:00:05]} Nf6 {[%clk 01:30:52]} {[%emt
00:00:08]} 2. Nf3 {[%clk 01:31:17]} {[%emt 00:00:06]} e6 {[%clk 01:31:15]}
{[%emt 00:00:07]} 3. Bg5 {[%clk 01:31:31]} {[%emt 00:00:17]} d5 {[%clk
01:31:35]} {[%emt 00:00:10]} 4. e3 {[%clk 01:31:45]} {[%emt 00:00:15]} Nbd7
{[%clk 01:32:00]} {[%emt 00:00:05]} 5. Bd3 {[%clk 01:31:39]} {[%emt 00:00:36]}
Be7 {[%clk 01:29:53]} {[%emt 00:02:38]} 6. Nbd2 {[%clk 01:31:40]} {[%emt
00:00:29]} c5 {[%clk 01:28:58]} {[%emt 00:01:25]} 7. c3 {[%clk 01:32:01]}
{[%emt 00:00:09]} c4 {[%clk 01:29:07]} {[%emt 00:00:21]} 8. Bc2 {[%clk
01:31:47]} {[%emt 00:00:44]} b5 {[%clk 01:29:11]} {[%emt 00:00:26]} 9. Ne5
{[%clk 01:30:48]} {[%emt 00:01:29]} Nxe5 {[%clk 01:28:09]} {[%emt 00:01:32]}
10. dxe5 {[%clk 01:31:08]} {[%emt 00:00:10]} Nd7 {[%clk 01:28:33]} {[%emt
00:00:07]} 11. Bxe7 {[%clk 01:31:09]} {[%emt 00:00:29]} Qxe7 {[%clk 01:28:53]}
{[%emt 00:00:09]} 12. f4 {[%clk 01:31:26]} {[%emt 00:00:13]} Bb7 {[%clk
01:26:33]} {[%emt 00:02:49]} 13. Nf3 {[%clk 01:28:41]} {[%emt 00:03:15]} Nb6
{[%clk 01:23:18]} {[%emt 00:03:46]} 14. Nd4 {[%clk 01:26:05]} {[%emt 00:03:06]}
b4 {[%clk 01:22:27]} {[%emt 00:01:20]} 15. Nb5 {[%clk 01:24:56]} {[%emt
00:01:39]} O-O {[%clk 01:20:18]} {[%emt 00:02:39]} 16. O-O {[%clk 01:20:12]}
{[%emt 00:05:15]} Qc5 {[%clk 01:15:32]} {[%emt 00:05:15]} 17. Nd4 {[%clk
01:13:54]} {[%emt 00:06:48]} a5 {[%clk 01:13:12]} {[%emt 00:02:50]} 18. Qh5
{[%clk 01:12:33]} {[%emt 00:01:51]} g6 {[%clk 01:07:54]} {[%emt 00:05:49]} 19.
Qh4 {[%clk 01:01:18]} {[%emt 00:11:44]} Rfe8 {[%clk 01:03:44]} {[%emt
00:04:40]} 20. Rf3 {[%clk 01:00:06]} {[%emt 00:01:43]} Qe7 {[%clk 00:59:06]}
{[%emt 00:05:08]} 21. Qg4 {[%clk 00:57:18]} {[%emt 00:03:18]} a4 {[%clk
00:54:41]} {[%emt 00:04:56]} 22. f5 {[%clk 00:49:25]} {[%emt 00:08:22]} exf5
{[%clk 00:50:02]} {[%emt 00:05:08]} 23. Nxf5 {[%clk 00:46:58]} {[%emt
00:02:58]} Qf8 {[%clk 00:45:20]} {[%emt 00:05:10]} 24. Nd6 {[%clk 00:40:29]}
{[%emt 00:07:01]} Bc8 {[%clk 00:44:20]} {[%emt 00:01:30]} 25. Qd4 {[%clk
00:37:50]} {[%emt 00:03:08]} Re6 {[%clk 00:37:39]} {[%emt 00:07:11]} 26. Qxb6
{[%clk 00:37:09]} {[%emt 00:01:13]} Bd7 {[%clk 00:34:24]} {[%emt 00:03:44]} 27.
Rxf7 {[%clk 00:36:06]} {[%emt 00:01:32]} Qxf7 {[%clk 00:33:24]} {[%emt
00:01:30]} 28. Qb7 {[%clk 00:33:25]} {[%emt 00:03:11]} Qf8 {[%clk 00:30:38]}
{[%emt 00:03:16]} 29. Qxd7 {[%clk 00:32:22]} {[%emt 00:01:34]} Rxe5 {[%clk
00:29:38]} {[%emt 00:01:30]} 30. Rf1 {[%clk 00:27:27]} {[%emt 00:05:24]} Qe7
{[%clk 00:29:11]} {[%emt 00:00:57]} 31. Qxe7 {[%clk 00:21:44]} {[%emt
00:06:13]} Rxe7 {[%clk 00:28:18]} {[%emt 00:01:23]} 32. cxb4 {[%clk 00:21:16]}
{[%emt 00:00:58]} Rb8 {[%clk 00:27:47]} {[%emt 00:01:01]} 33. Bxa4 {[%clk
00:16:44]} {[%emt 00:05:03]} Rxb4 {[%clk 00:23:10]} {[%emt 00:05:06]} 34. Bc6
{[%clk 00:16:41]} {[%emt 00:00:33]} Re5 {[%clk 00:21:00]} {[%emt 00:02:40]} 35.
Rd1 {[%clk 00:15:29]} {[%emt 00:01:43]} Rxe3 {[%clk 00:18:56]} {[%emt
00:02:34]} 36. Bxd5+ {[%clk 00:15:43]} {[%emt 00:00:16]} Kg7 {[%clk 00:18:47]}
{[%emt 00:00:39]} 37. Nxc4 {[%clk 00:15:45]} {[%emt 00:00:28]} Re8 {[%clk
00:18:01]} {[%emt 00:01:16]} 38. a3 {[%clk 00:15:09]} {[%emt 00:01:05]} Ra4
{[%clk 00:17:56]} {[%emt 00:00:35]} 39. Bc6 {[%clk 00:15:24]} {[%emt 00:00:15]}
Rxc4 {[%clk 00:17:06]} {[%emt 00:01:20]} 40. Bxe8 {[%clk 00:15:48]} {[%emt
00:00:05]} Rc2 {[%clk 00:17:25]} {[%emt 00:00:11]} 41. b4 {[%clk 00:16:06]}
{[%emt 00:00:13]} Rc3 {[%clk 00:17:37]} {[%emt 00:00:18]} 42. a4 {[%clk
00:16:02]} {[%emt 00:00:35]} Rc4 {[%clk 00:18:01]} {[%emt 00:00:06]} 43. Rb1
{[%clk 00:16:25]} {[%emt 00:00:06]} Rc8 {[%clk 00:18:19]} {[%emt 00:00:12]} 44.
Bd7 {[%clk 00:16:41]} {[%emt 00:00:14]} Rc7 {[%clk 00:18:30]} {[%emt 00:00:19]}
45. Bg4 {[%clk 00:16:57]} {[%emt 00:00:13]} h5 {[%clk 00:18:40]} {[%emt
00:00:20]} 46. Bf3 {[%clk 00:17:23]} {[%emt 00:00:05]} Kf6 {[%clk 00:18:55]}
{[%emt 00:00:14]} 47. b5 {[%clk 00:17:33]} {[%emt 00:00:21]} 1-0

[Event "DEM U12 2023"]
[Site "Willingen GER"]
[Date "2023.05.29"]
[Round "3"]
[White "Schmitz, Constantin"]
[Black "Ratushnyi, Viktor"]
[Result "0-1"]
[Termination "normal"]
[Board "10"]
[WhiteElo "1577"]
[BlackElo "1627"]
[WhiteClock "00:28:34"]
[BlackClock "00:22:19"]
[PlyCount "82"]
[WhiteFideId "16274660"]
[BlackFideId "34167293"]
[EventCountry "GER"]
[EventRounds "9"]
[EventType "swiss"]
[EventDate "2023.05.27"]

1. d4 {[%clk 01:30:55]} {[%emt 00:00:05]} Nf6 {[%clk 01:30:59]} {[%emt
00:00:01]} 2. c4 {[%clk 01:31:12]} {[%emt 00:00:13]} g6 {[%clk 01:31:28]}
{[%emt 00:00:01]} 3. Nc3 {[%clk 01:31:28]} {[%emt 00:00:13]} Bg7 {[%clk
01:31:51]} {[%emt 00:00:08]} 4. Nf3 {[%clk 01:31:40]} {[%emt 00:00:17]} O-O
{[%clk 01:32:11]} {[%emt 00:00:11]} 5. e4 {[%clk 01:30:59]} {[%emt 00:01:11]}
d6 {[%clk 01:32:37]} {[%emt 00:00:04]} 6. Be2 {[%clk 01:31:17]} {[%emt
00:00:13]} e5 {[%clk 01:32:51]} {[%emt 00:00:16]} 7. d5 {[%clk 01:30:24]}
{[%emt 00:01:23]} Na6 {[%clk 01:29:19]} {[%emt 00:04:02]} 8. Bg5 {[%clk
01:29:18]} {[%emt 00:01:35]} h6 {[%clk 01:25:34]} {[%emt 00:04:14]} 9. Bh4
{[%clk 01:26:57]} {[%emt 00:02:51]} g5 {[%clk 01:24:58]} {[%emt 00:01:07]} 10.
Bg3 {[%clk 01:27:19]} {[%emt 00:00:07]} Nh7 {[%clk 01:24:50]} {[%emt 00:00:40]}
11. O-O {[%clk 01:24:53]} {[%emt 00:02:56]} f5 {[%clk 01:24:54]} {[%emt
00:00:26]} 12. exf5 {[%clk 01:23:51]} {[%emt 00:01:32]} Bxf5 {[%clk 01:25:12]}
{[%emt 00:00:11]} 13. Nd2 {[%clk 01:23:08]} {[%emt 00:01:12]} Nf6 {[%clk
01:21:47]} {[%emt 00:03:56]} 14. f3 {[%clk 01:19:08]} {[%emt 00:04:30]} Nh5
{[%clk 01:18:20]} {[%emt 00:03:57]} 15. Nde4 {[%clk 01:18:17]} {[%emt
00:01:22]} Nf4 {[%clk 01:17:53]} {[%emt 00:00:56]} 16. Bd3 {[%clk 01:16:56]}
{[%emt 00:01:52]} b6 {[%clk 01:15:01]} {[%emt 00:03:21]} 17. a3 {[%clk
01:15:45]} {[%emt 00:01:42]} Nc5 {[%clk 01:12:09]} {[%emt 00:03:21]} 18. Nxc5
{[%clk 01:15:02]} {[%emt 00:01:13]} bxc5 {[%clk 01:11:24]} {[%emt 00:01:15]}
19. Bxf4 {[%clk 01:14:07]} {[%emt 00:01:25]} exf4 {[%clk 01:10:36]} {[%emt
00:01:18]} 20. Qc2 {[%clk 01:13:34]} {[%emt 00:01:02]} Bxd3 {[%clk 01:09:51]}
{[%emt 00:01:16]} 21. Qxd3 {[%clk 01:11:39]} {[%emt 00:02:26]} Rb8 {[%clk
01:06:00]} {[%emt 00:04:20]} 22. Rab1 {[%clk 01:06:04]} {[%emt 00:06:05]} Re8
{[%clk 01:05:57]} {[%emt 00:00:33]} 23. Qg6 {[%clk 01:05:23]} {[%emt 00:01:11]}
Qf6 {[%clk 01:02:59]} {[%emt 00:03:29]} 24. Qxf6 {[%clk 01:02:43]} {[%emt
00:03:09]} Bxf6 {[%clk 01:03:00]} {[%emt 00:00:28]} 25. Nb5 {[%clk 01:03:05]}
{[%emt 00:00:09]} Rb7 {[%clk 01:03:15]} {[%emt 00:00:16]} 26. Rfc1 {[%clk
01:02:25]} {[%emt 00:01:08]} a6 {[%clk 00:58:56]} {[%emt 00:04:50]} 27. Nc3
{[%clk 01:02:10]} {[%emt 00:00:44]} Re3 {[%clk 00:57:15]} {[%emt 00:02:12]} 28.
Nd1 {[%clk 00:46:00]} {[%emt 00:16:41]} Reb3 {[%clk 00:53:02]} {[%emt
00:04:42]} 29. Rc2 {[%clk 00:46:18]} {[%emt 00:00:13]} Rxa3 {[%clk 00:52:19]}
{[%emt 00:01:13]} 30. Re2 {[%clk 00:42:52]} {[%emt 00:03:55]} Kf7 {[%clk
00:49:29]} {[%emt 00:03:20]} 31. Kf1 {[%clk 00:41:10]} {[%emt 00:02:10]} Ra4
{[%clk 00:44:52]} {[%emt 00:05:09]} 32. Rc2 {[%clk 00:38:48]} {[%emt 00:02:52]}
Rab4 {[%clk 00:44:41]} {[%emt 00:00:41]} 33. Ra1 {[%clk 00:38:27]} {[%emt
00:00:50]} Bxb2 {[%clk 00:32:28]} {[%emt 00:12:43]} 34. Rxa6 {[%clk 00:38:47]}
{[%emt 00:00:11]} Bd4 {[%clk 00:31:12]} {[%emt 00:01:47]} 35. Ra8 {[%clk
00:35:14]} {[%emt 00:04:02]} Rb8 {[%clk 00:30:04]} {[%emt 00:01:38]} 36. Ra7
{[%clk 00:30:58]} {[%emt 00:04:46]} R4b7 {[%clk 00:29:00]} {[%emt 00:01:33]}
37. Ra6 {[%clk 00:30:31]} {[%emt 00:00:58]} Re8 {[%clk 00:28:24]} {[%emt
00:01:06]} 38. Raa2 {[%clk 00:30:34]} {[%emt 00:00:25]} Rb1 {[%clk 00:25:22]}
{[%emt 00:03:33]} 39. Rd2 {[%clk 00:28:29]} {[%emt 00:02:36]} Re3 {[%clk
00:23:01]} {[%emt 00:02:51]} 40. Ra7 {[%clk 00:28:28]} {[%emt 00:00:32]} Bc3
{[%clk 00:22:23]} {[%emt 00:01:07]} 41. Rxc7+ {[%clk 00:28:34]} {[%emt
00:00:23]} Kf6 {[%clk 00:22:19]} {[%emt 00:00:35]} 0-1

[Event "DEM U12 2023"]
[Site "Willingen GER"]
[Date "2023.05.29"]
[Round "3"]
[White "Ramming, Moritz"]
[Black "Stehning, Toni"]
[Result "0-1"]
[Termination "normal"]
[Board "11"]
[WhiteElo "1597"]
[BlackElo "1499"]
[WhiteClock "00:14:50"]
[BlackClock "01:06:22"]
[PlyCount "46"]
[WhiteFideId "34618198"]
[BlackFideId "34623477"]
[EventCountry "GER"]
[EventRounds "9"]
[EventType "swiss"]
[EventDate "2023.05.27"]

1. e4 {[%clk 01:30:39]} {[%emt 00:00:21]} e5 {[%clk 01:30:48]} {[%emt
00:00:12]} 2. Nf3 {[%clk 01:31:01]} {[%emt 00:00:08]} Nc6 {[%clk 01:31:12]}
{[%emt 00:00:06]} 3. d4 {[%clk 01:31:29]} {[%emt 00:00:03]} exd4 {[%clk
01:31:36]} {[%emt 00:00:05]} 4. Bc4 {[%clk 01:31:55]} {[%emt 00:00:04]} Nf6
{[%clk 01:31:57]} {[%emt 00:00:09]} 5. e5 {[%clk 01:32:19]} {[%emt 00:00:07]}
d5 {[%clk 01:32:21]} {[%emt 00:00:04]} 6. Bb5 {[%clk 01:32:46]} {[%emt
00:00:04]} Ne4 {[%clk 01:32:39]} {[%emt 00:00:12]} 7. Nxd4 {[%clk 01:33:09]}
{[%emt 00:00:07]} Bc5 {[%clk 01:32:42]} {[%emt 00:00:27]} 8. Be3 {[%clk
01:31:44]} {[%emt 00:01:56]} O-O {[%clk 01:32:34]} {[%emt 00:00:38]} 9. Nxc6
{[%clk 01:31:18]} {[%emt 00:00:56]} bxc6 {[%clk 01:32:48]} {[%emt 00:00:16]}
10. Bxc5 {[%clk 01:31:38]} {[%emt 00:00:10]} Nxc5 {[%clk 01:33:07]} {[%emt
00:00:10]} 11. Bxc6 {[%clk 01:31:59]} {[%emt 00:00:09]} Rb8 {[%clk 01:33:29]}
{[%emt 00:00:08]} 12. Qd4 {[%clk 01:14:53]} {[%emt 00:17:36]} Ne6 {[%clk
01:32:48]} {[%emt 00:01:11]} 13. Qxd5 {[%clk 01:11:34]} {[%emt 00:03:49]} Qe7
{[%clk 01:30:46]} {[%emt 00:02:31]} 14. O-O {[%clk 01:02:40]} {[%emt 00:09:25]}
Rd8 {[%clk 01:30:48]} {[%emt 00:00:28]} 15. Qe4 {[%clk 01:00:00]} {[%emt
00:03:10]} Nd4 {[%clk 01:30:34]} {[%emt 00:00:44]} 16. Kh1 {[%clk 00:46:18]}
{[%emt 00:14:12]} Bf5 {[%clk 01:22:56]} {[%emt 00:08:07]} 17. Qf4 {[%clk
00:36:35]} {[%emt 00:10:13]} Nxc2 {[%clk 01:17:45]} {[%emt 00:05:41]} 18. Qxf5
{[%clk 00:34:53]} {[%emt 00:02:12]} Nxa1 {[%clk 01:17:20]} {[%emt 00:00:56]}
19. Nc3 {[%clk 00:34:39]} {[%emt 00:00:44]} Rxb2 {[%clk 01:15:34]} {[%emt
00:02:17]} 20. Rxa1 {[%clk 00:33:26]} {[%emt 00:01:42]} Qc5 {[%clk 01:08:36]}
{[%emt 00:07:26]} 21. Na4 {[%clk 00:25:01]} {[%emt 00:08:57]} Rxa2 {[%clk
01:07:10]} {[%emt 00:01:56]} 22. Rb1 {[%clk 00:15:47]} {[%emt 00:09:44]} Qxc6
{[%clk 01:07:09]} {[%emt 00:00:31]} 23. Qd3 {[%clk 00:14:50]} {[%emt 00:01:27]}
Qe8 {[%clk 01:06:22]} {[%emt 00:01:18]} 0-1

[Event "DEM U12 2023"]
[Site "Willingen GER"]
[Date "2023.05.29"]
[Round "3"]
[White "Merenda, Lukas-Benedikt"]
[Black "Kateryniuk, Ivan"]
[Result "0-1"]
[Termination "normal"]
[Board "12"]
[WhiteElo "1479"]
[BlackElo "1631"]
[WhiteClock "00:24:37"]
[BlackClock "00:17:35"]
[PlyCount "116"]
[WhiteFideId "34603336"]
[BlackFideId "34138943"]
[EventCountry "GER"]
[EventRounds "9"]
[EventType "swiss"]
[EventDate "2023.05.27"]

1. e4 {[%clk 01:30:59]} e5 {[%clk 01:30:51]} {[%emt 00:00:09]} 2. Bc4 {[%clk
01:31:17]} {[%emt 00:00:12]} Nf6 {[%clk 01:31:12]} {[%emt 00:00:09]} 3. d3
{[%clk 01:31:43]} {[%emt 00:00:04]} c6 {[%clk 01:31:19]} {[%emt 00:00:23]} 4.
Nf3 {[%clk 01:32:04]} {[%emt 00:00:09]} d5 {[%clk 01:31:23]} {[%emt 00:00:25]}
5. Bb3 {[%emt 00:00:29]} Bb4+ {[%clk 01:31:35]} {[%emt 00:00:05]} 6. Bd2 {[%clk
01:32:27]} {[%emt 00:00:22]} Bxd2+ {[%clk 01:31:58]} {[%emt 00:00:08]} 7. Qxd2
{[%clk 01:32:47]} {[%emt 00:00:10]} a5 {[%clk 01:30:54]} {[%emt 00:01:34]} 8.
a4 {[%clk 01:32:25]} {[%emt 00:00:52]} Nbd7 {[%clk 01:30:21]} {[%emt 00:01:02]}
9. Nc3 {[%clk 01:25:36]} {[%emt 00:07:19]} d4 {[%clk 01:29:00]} {[%emt
00:01:50]} 10. Ne2 {[%clk 01:25:32]} {[%emt 00:00:36]} O-O {[%clk 01:28:01]}
{[%emt 00:01:29]} 11. Ng3 {[%clk 01:22:56]} {[%emt 00:03:06]} g6 {[%clk
00:58:47]} {[%emt 00:29:44]} 12. h4 {[%clk 01:16:09]} {[%emt 00:07:16]} Qe7
{[%clk 00:55:11]} {[%emt 00:04:04]} 13. h5 {[%clk 01:10:19]} {[%emt 00:06:21]}
Qb4 {[%clk 00:55:06]} {[%emt 00:00:36]} 14. O-O-O {[%clk 01:03:51]} {[%emt
00:06:58]} Qxd2+ {[%clk 00:54:44]} {[%emt 00:00:52]} 15. Kxd2 {[%clk 01:04:20]}
{[%emt 00:00:01]} Ng4 {[%clk 00:46:51]} {[%emt 00:08:23]} 16. Rh4 {[%clk
00:59:45]} {[%emt 00:05:06]} Nc5 {[%clk 00:43:49]} {[%emt 00:03:32]} 17. Bc4
{[%clk 00:54:06]} {[%emt 00:06:08]} Nxa4 {[%clk 00:39:49]} {[%emt 00:04:28]}
18. hxg6 {[%clk 00:52:51]} {[%emt 00:01:47]} hxg6 {[%clk 00:38:42]} {[%emt
00:01:37]} 19. Rdh1 {[%clk 00:50:32]} {[%emt 00:02:49]} Kg7 {[%clk 00:37:42]}
{[%emt 00:01:30]} 20. Ng5 {[%clk 00:47:47]} {[%emt 00:03:15]} Nf6 {[%clk
00:35:00]} {[%emt 00:03:12]} 21. f4 {[%clk 00:41:49]} {[%emt 00:06:28]} exf4
{[%clk 00:23:58]} {[%emt 00:11:32]} 22. e5 {[%clk 00:41:00]} {[%emt 00:01:19]}
Nh5 {[%clk 00:22:34]} {[%emt 00:01:54]} 23. Nxh5+ {[%clk 00:39:23]} {[%emt
00:02:07]} gxh5 {[%clk 00:23:02]} {[%emt 00:00:01]} 24. Rxh5 {[%clk 00:39:43]}
{[%emt 00:00:10]} Bf5 {[%clk 00:21:09]} {[%emt 00:02:20]} 25. b3 {[%clk
00:38:00]} {[%emt 00:02:17]} Nb6 {[%clk 00:20:57]} {[%emt 00:00:42]} 26. Bxf7
{[%clk 00:33:38]} {[%emt 00:04:52]} Rxf7 {[%clk 00:21:26]} {[%emt 00:00:01]}
27. Nxf7 {[%clk 00:33:53]} {[%emt 00:00:15]} Bg6 {[%clk 00:21:29]} {[%emt
00:00:27]} 28. Rh8 {[%clk 00:32:49]} {[%emt 00:01:34]} Kxf7 {[%clk 00:20:12]}
{[%emt 00:01:47]} 29. Rxa8 {[%clk 00:33:04]} {[%emt 00:00:15]} Nxa8 {[%clk
00:20:35]} {[%emt 00:00:06]} 30. Rh8 {[%clk 00:33:15]} {[%emt 00:00:20]} Nb6
{[%clk 00:19:13]} {[%emt 00:01:51]} 31. Rb8 {[%clk 00:32:32]} {[%emt 00:01:14]}
Nd5 {[%clk 00:18:04]} {[%emt 00:01:38]} 32. Rxb7+ {[%clk 00:31:46]} {[%emt
00:01:17]} Ke6 {[%clk 00:18:28]} {[%emt 00:00:06]} 33. Rg7 {[%clk 00:31:43]}
{[%emt 00:00:32]} Ne7 {[%clk 00:16:21]} {[%emt 00:02:36]} 34. c3 {[%clk
00:31:03]} {[%emt 00:01:12]} dxc3+ {[%clk 00:16:12]} {[%emt 00:00:40]} 35. Kxc3
{[%clk 00:31:31]} Kd7 {[%clk 00:16:27]} {[%emt 00:00:15]} 36. Kc4 {[%clk
00:27:54]} {[%emt 00:04:07]} Ke8 {[%clk 00:16:40]} {[%emt 00:00:17]} 37. Rxg6
{[%clk 00:24:19]} {[%emt 00:04:05]} Nxg6 {[%clk 00:17:08]} {[%emt 00:00:02]}
38. Kd4 {[%clk 00:24:48]} Nh4 {[%clk 00:14:53]} {[%emt 00:02:45]} 39. Ke4
{[%clk 00:24:58]} {[%emt 00:00:20]} Nxg2 {[%clk 00:15:22]} {[%emt 00:00:02]}
40. d4 {[%clk 00:23:45]} {[%emt 00:01:43]} Ke7 {[%clk 00:14:18]} {[%emt
00:01:34]} 41. Kf3 {[%clk 00:23:35]} {[%emt 00:01:02]} Ne1+ {[%clk 00:12:57]}
{[%emt 00:01:51]} 42. Kxf4 {[%clk 00:23:40]} {[%emt 00:00:26]} Nd3+ {[%clk
00:13:19]} {[%emt 00:00:06]} 43. Ke4 {[%clk 00:23:28]} {[%emt 00:00:42]} Nc1
{[%clk 00:12:49]} {[%emt 00:01:00]} 44. d5 {[%clk 00:23:07]} {[%emt 00:00:52]}
cxd5+ {[%clk 00:13:13]} {[%emt 00:00:06]} 45. Kxd5 {[%clk 00:23:32]} {[%emt
00:00:05]} Nxb3 {[%clk 00:13:35]} {[%emt 00:00:08]} 46. Kc4 {[%clk 00:23:53]}
{[%emt 00:00:09]} a4 {[%clk 00:14:01]} {[%emt 00:00:03]} 47. Kb4 {[%clk
00:24:08]} {[%emt 00:00:15]} Nc5 {[%clk 00:14:26]} {[%emt 00:00:06]} 48. Ka3
{[%clk 00:24:11]} {[%emt 00:00:28]} Ke6 {[%clk 00:14:50]} {[%emt 00:00:05]} 49.
Kb4 {[%clk 00:24:37]} {[%emt 00:00:03]} Kxe5 {[%clk 00:15:15]} {[%emt
00:00:06]} 50. Ka3 {[%clk 00:24:56]} {[%emt 00:00:11]} Kd4 {[%clk 00:15:41]}
{[%emt 00:00:04]} 51. Kb4 {[%clk 00:25:07]} {[%emt 00:00:19]} Kd3 {[%clk
00:15:56]} {[%emt 00:00:13]} 52. Ka3 {[%clk 00:25:30]} {[%emt 00:00:09]} Kc3
{[%clk 00:16:18]} {[%emt 00:00:06]} 53. Ka2 {[%clk 00:25:54]} {[%emt 00:00:08]}
Kb4 {[%clk 00:16:35]} {[%emt 00:00:13]} 54. Kb2 {[%clk 00:25:51]} {[%emt
00:00:32]} Nb3 {[%clk 00:16:39]} {[%emt 00:00:25]} 55. Ka2 {[%clk 00:25:50]}
{[%emt 00:00:32]} a3 {[%clk 00:17:01]} {[%emt 00:00:09]} 56. Kb1 {[%clk
00:26:11]} {[%emt 00:00:09]} Nd4 {[%clk 00:17:13]} {[%emt 00:00:15]} 57. Kc1
{[%clk 00:25:24]} {[%emt 00:01:20]} Kb3 {[%clk 00:17:35]} {[%emt 00:00:08]} 58.
Kb1 {[%clk 00:24:37]} {[%emt 00:01:18]} a2+ {[%emt 00:00:13]} 0-1